Thuật toán Graham tìm bao lồi của một tập hữu hạn điểm trong mặt phẳng Luận văn thạc sĩ toán học. Chuyên ngành: Hình học - Tôpô. Mã số: 60.46.10

Bewaard in:
Bibliografische gegevens
Hoofdauteur: Hà, Mạnh Hùng
Andere auteurs: Phan, Thành An (Hướng dẫn)
Formaat: Thesis Kit Boek
Taal:Vietnamese
Gepubliceerd in: Vinh Đại học Vinh 2006
Onderwerpen:
Tags: Voeg label toe
Geen labels, Wees de eerste die dit record labelt!
Thư viện lưu trữ: Trung tâm Học liệu Lê Vũ Hùng, Trường Đại học Đồng Tháp
LEADER 01130ppm a22002898a 4500
001 00029899
005 20171026081022.0
008 121128s2006 ||||||viesd
041 0 # |a vie 
082 1 4 |a 516  |b TH504T 
100 1 # |a Hà, Mạnh Hùng 
245 0 0 |a Thuật toán Graham tìm bao lồi của một tập hữu hạn điểm trong mặt phẳng  |b Luận văn thạc sĩ toán học. Chuyên ngành: Hình học - Tôpô. Mã số: 60.46.10  |c Hà Mạnh Hùng; Phan Thành An (hướng dẫn) 
260 # # |a Vinh  |b Đại học Vinh  |c 2006 
300 # # |a 50 tr.  |c 30cm. 
500 # # |a ĐTTTS ghi: Bộ giáo dục và đào tạo. Trường Đại học Vinh 
653 # # |a Hình học 
653 # # |a Toán học 
653 # # |a Thuật toán Graham 
653 # # |a Luận văn 
653 # # |a Mặt phẳng 
700 1 # |a Phan, Thành An  |e Hướng dẫn 
852 # # |j LV.0000084 
852 # # |b Kho đọc SĐH  |j LV.0000084 
910 |d 28/11/2012 
980 # # |a Trung tâm Học liệu Lê Vũ Hùng, Trường Đại học Đồng Tháp